Clikipedia: Gross! Quiz Stats

Quiz Updated May 7, 2013

Challenge
Share
Tweet
Embed
Score 0/26 Timer 05:00
22 Plays Today
% Correct
Diarrhea
97.2%
Vomiting
96.6%
Cannibalism
96.2%
Roadkill
95.8%
Spiders
95.1%
Urine
93.6%
Bats
93.5%
Decomposition
93.1%
Leeches
92%
Vivisection
91.5%
Pus
91.1%
Dandruff
90.9%
Bile
90.1%
% Correct
Cockroaches
89.3%
Rat meat
88.9%
Blood blister
88.2%
Burping
87.9%
Molting
87.3%
Gangrene
86.8%
Flatulence
85.5%
Slime (or gunge)
85.4%
Halitosis
84.9%
Molds
84.2%
Slugs
82.3%
Secretion
80.7%
Lice
80.3%

You're not logged in!

Compare scores with friends on all Sporcle quizzes.
Join for Free
OR
Log In

You Might Also Like...

Show Comments

Extras

Top Quizzes Today


Score Distribution

Your Account Isn't Verified!

In order to create a playlist on Sporcle, you need to verify the email address you used during registration. Go to your Sporcle Settings to finish the process.

Report this User

Report this user for behavior that violates our Community Guidelines.

Details: